000 00286nam a22001337a 4500
008 170606b xxu||||| |||| 00| 0 eng d
020 _a9780316552011
041 _aeng
080 _a94(6)
100 _a18
101 _aSHH
245 _aTHE AFRICANS
_c,AZRUI.A.A
942 _2udc
_cBK
999 _c16126
_d16126